000 00620nam a2200181Ia 4500
003 GCL
008 140319s9999 xx 000 0 ara d
040 _aGCL /
_cGCL
082 0 4 _a923.1
_bهـ م
100 1 _aالهيئة المصرية العامة للكتاب
245 1 0 _aمبارك رئيسا . . الحاضر والمستقبل /
_cالهيئة المصرية العامة للكتاب
260 _aالقاهرة :
_bالهيئة المصرية العامة للكتاب ،
_c1987
300 _a482 ص ؛
_c22 سم
490 _a
650 0 4 _aمصر
650 0 4 _aحسنى مبارك
942 _2ddc
_cBK
999 _c27777
_d27777